000 00282nam a2200109Ia 4500
008 190913s9999||||xx |||||||||||||| ||und||
100 _aHumpkins
245 0 _aData Warehousing Architecture And Implementation
260 _aNew Delhi
_bMcGraw Hill
_c2002
300 _a1154
942 _cBK
999 _c8345
_d8345